00633nam a2200181 a 450000100100000000500170001000800410002704000250006808200170009310000260011024501170013626000350025330000330028849000300032150000430035170000270039483000300042100002394020200930022603.0110117s1955 ag a r 000 0 spa d aDO-SdBNPbspacBNPHU axxxxxbS246f1 aSarmiento, Domingo F.10aFacundo :bo civilización y barbarie en las pampas argentinas /cDomingo F. Sarmiento ; prólogo Raul Moglia. aBuenos Aires :bPeuser,c1955. axiv, 312 p. :bil. ;c27 cm.1 aXiolografías de Nicasio aIncluye notas al pie de las páginas.1 aMoglia, raul,epról. 0aXiolografías de Nicasio